Größte Stadt von jedem Kontinent mit E - Statistiken

Allgemein
  • Dieses Quiz wurde 124 mal gespielt
  • Das Durchschnittsergebnis liegt bei 1 aus 6
Antwortstatistiken
Kontinent Stadt Land % Korrekt
Europa Essen Deutschland
93%
Nordamerika Edmonton Kanada
49%
Asien Erbil Irak
4%
Südamerika El Alto Bolivien
2%
Ozeanien Epping Australien
1%
Afrika eThekwini Südafrika
0%
Keine übereinstimmenden Quizze gefunden
Verteilung der Resultate
Anzahl Personen mit jedem Resultat
Perzentil nach korrekt beantworteten Fragen
Ihre Resultats-Entwicklung
Sie haben dieses Quiz noch nicht gespielt